Использование интерактивных обучающих систем в курсе "Физика"; Преподавание естественных наук, математики и информатики в вузе и школе

Bibliografske podrobnosti
Parent link:Преподавание естественных наук, математики и информатики в вузе и школе.— 2009.— С. 76-78
Drugi avtorji: Ерофеева Г. В. Галина Васильевна, Склярова Е. А. Елена Александровна, Пескова Е. С. Евгения Сергеевна, Чернова Н. Н.
Izvleček:В фонде НТБ ТПУ отсутствует
Jezik:ruščina
Izdano: 2009
Teme:
Format: MixedMaterials Book Chapter
KOHA link:https://koha.lib.tpu.ru/cgi-bin/koha/opac-detail.pl?biblionumber=599624

MARC

LEADER 00000naa0a2200000 4500
001 599624
005 20250410104630.0
035 |a (RuTPU)RU\TPU\tpu\23730 
035 |a RU\TPU\tpu\23533 
090 |a 599624 
100 |a 20131007d2009 k y0rusy50 ca 
101 0 |a rus 
102 |a RU 
200 1 |a Использование интерактивных обучающих систем в курсе "Физика"  |f Г. В. Ерофеева [и др.] 
320 |a Библиогр.: с. 78 (4 назв.) 
333 |a В фонде НТБ ТПУ отсутствует 
463 |t Преподавание естественных наук, математики и информатики в вузе и школе  |o материалы II Всероссийской научно-практической конференции, 5 ноября 2009 г.  |v С. 76-78  |d 2009 
610 1 |a труды учёных ТПУ 
701 1 |a Ерофеева  |b Г. В.  |c физик  |c профессор Томского политехнического университета, доктор педагогических наук  |f 1938-  |g Галина Васильевна  |3 (RuTPU)RU\TPU\pers\25191  |4 070  |9 11271 
701 1 |a Склярова  |b Е. А.  |c физик  |c доцент Томского политехнического университета, кандидат педагогических наук  |f 1972-  |g Елена Александровна  |3 (RuTPU)RU\TPU\pers\24507  |4 070  |9 10826 
701 1 |a Пескова  |b Е. С.  |c физик  |c инженер Томского политехнического университета  |f 1985-  |g Евгения Сергеевна  |3 (RuTPU)RU\TPU\pers\26866  |4 070  |9 12484 
701 1 |a Чернова  |b Н. Н. 
801 1 |a RU  |b 63413507  |c 20101119 
801 2 |a RU  |b 63413507  |c 20131007  |g RCR 
942 |c BK